000 00653cam a22002291 4500
001 ca 36000213
003 DLC
005 20260227111140.0
008 890622s1936 maua 000 0 eng
010 _aca 36000213
035 _a(OCoLC)19908767
040 _aDLC
_cRPB
_dDLC
042 _apremarc
050 0 0 _aPN6120.A5
_bH823
082 _a812.5
100 1 _aHubbard, Margaret Ann,
_d1909-
245 1 0 _aLittle Black Sambo,
_cby Margaret Ann Hubbard ...
260 _aBoston, Mass.,
_aLos Angeles, Cal.
_b[Walter H. Baker Company,
_cc1936]
300 _a31 p.
_bdiagr.
_c19 cm.
490 0 _aBakers̕ royalty plays
500 _aMusic: p. 26-27.
999 _c18035
_d18035